Matrix. El género de la filosofía
保存先:
| 第一著者: | |
|---|---|
| フォーマット: | 図書 |
| 言語: | 英語 |
| 出版事項: |
Santiago, Chile:
Ediciones Macul,
2019
|
| 主題: | |
| タグ: |
タグ追加
タグなし, このレコードへの初めてのタグを付けませんか!
|
MARC
| LEADER | 00000nam a22000007a 4500 | ||
|---|---|---|---|
| 003 | CL-VaPUC | ||
| 005 | 20220707173835.0 | ||
| 008 | 220509b2019 ||||| |||| 00| 0 eng d | ||
| 999 | |c 435543 |d 435541 | ||
| 020 | |a 978-956-7062-90-4 | ||
| 040 | |c Pontificia Universidad Católica de Valparaíso | ||
| 082 | 0 | 4 | |2 22 |a 107 CAS 2019 |
| 100 | 1 | |a Castillo, Alejandra |9 862315 |e autora | |
| 245 | 1 | 0 | |a Matrix. |b El género de la filosofía |
| 260 | |a Santiago, Chile: |b Ediciones Macul, |c 2019 | ||
| 300 | |a 164 páginas | ||
| 500 | |a C.1 Donación Profesor Raúl Rodríguez. Director Doctorado Literatura. Memo 03/2022. 30.03.2022 | ||
| 583 | |c 20220509 |k Catalogador Asistente | ||
| 650 | 1 | |a Roles sexuales |x Filosofía contemporánea |9 870399 | |
| 942 | |2 ddc |c BK |n 1 | ||
| 952 | |0 0 |1 0 |2 ddc |4 0 |6 107_000000000000000_CAS_2019 |7 0 |8 A |9 582986 |a FDOPOS |b FDOPOS |c GEN |d 2022-05-09 |e Donación |i 5651143 |o 107 CAS 2019 |p 5651143 |r 2025-01-22 |t 1 |w 2022-05-09 |y BK |k DLH | ||